Statistics for Countries with the Most Borders

Click here to take the quiz!

General Stats

  • This quiz has been taken 22 times
  • The average score is 13 of 22

Answer Stats

BordersCountry% Correct
21China
100%
19Russia
100%
10Brazil
95%
9Democratic Republic of the Congo
95%
19France
95%
11Germany
95%
10India
95%
12Saudi Arabia
82%
13Iran
77%
15Italy
73%
12Turkey
73%
9Poland
68%
10Tanzania
41%
9Algeria
36%
10Colombia
36%
12Indonesia
36%
9Egypt
32%
9Vietnam
27%
9Libya
23%
15Venezuela
23%
9Sweden
18%
9Mozambique
9%

Score Distribution

Percentile by Number Answered

Percent of People with Each Score

Your Score History

You have not taken this quiz